स्वाधीनता संग्राम के बदलते परिप्रेक्ष्य (Record no. 1013736)

MARC details
000 -LEADER
fixed length control field 01490nam a2200277Ia 4500
003 - CONTROL NUMBER IDENTIFIER
control field OSt
005 - DATE AND TIME OF LATEST TRANSACTION
control field 20221005104754.0
008 - FIXED-LENGTH DATA ELEMENTS--GENERAL INFORMATION
fixed length control field 221004b |||||||| |||| 00| 0 hin d
037 ## - SOURCE OF ACQUISITION
Terms of availability Textual
040 ## - CATALOGING SOURCE
Original cataloging agency CRL
Transcribing agency CRL
Language of cataloging hin
041 ## - LANGUAGE CODE
Source of code hin
Language code of text/sound track or separate title hin
100 ## - MAIN ENTRY--PERSONAL NAME
Personal name शर्मा, रामविलास
245 #0 - TITLE STATEMENT
Title स्वाधीनता संग्राम के बदलते परिप्रेक्ष्य
Remainder of title 1857 के स्वाधीनता संग्राम से लेकर हाल के राष्ट्रीय एकता के लिए संघर्ष तक
246 ## - VARYING FORM OF TITLE
Title proper/short title Svādhīnatā sangrām ke badalate pariprekṣhya: 1857 ke swādhīnatā sangrām se lekar hāl ke rāṣhṭrīya ekatā ke lie sangharṣha taka
260 ## - PUBLICATION, DISTRIBUTION, ETC.
Place of publication, distribution, etc. दिल्ली
Name of publisher, distributor, etc. विश्वविद्यालय हिन्दी माध्यम कार्यान्वय निदेशालय भारत
Date of publication, distribution, etc. 2003
300 ## - PHYSICAL DESCRIPTION
Extent 252पृ0
Dimensions cm.
490 ## - SERIES STATEMENT
Series statement इतिहास और समकालीन परिदृश्य; 1
650 ## - SUBJECT ADDED ENTRY--TOPICAL TERM
Topical term or geographic name entry element विश्व-इतिहास
942 ## - ADDED ENTRY ELEMENTS (KOHA)
Classification part V2z7, 152P3
Koha item type Textual
Source of classification or shelving scheme
Holdings
Withdrawn status Lost status Damaged status Not for loan Home library Current library Date acquired Source of acquisition Cost, normal purchase price Total Checkouts Full call number Barcode Date last seen Cost, replacement price Price effective from Koha item type
        Central Library Central Library 2022-10-05 20478, 08/01/2014, Hindi Madhyam Karyanvyan Nideshalye 100.00   V2z7 152P3 CL1564950 2022-10-05 100.00 2022-10-05 Textual
Copyright @ Delhi University Library System